书目信息 |
| 题名: |
标准日本语复习指导一册通
|
|
| 作者: | 南海 编著 | |
| 分册: | ||
| 出版信息: | 大连 大连理工大学出版社 2006.03 |
|
| 页数: | 312页 | |
| 开本: | 21cm | |
| 丛书名: | ||
| 单 册: | ||
| 中图分类: | H36 | |
| 科图分类: | ||
| 主题词: | 日语 | |
| 电子资源: | ||
| ISBN: | 7-5611-2732-4 | |
| 000 | 00575 nam 000205 | |
| 001 | 012000000507 | |
| 005 | 20070901112438.40 | |
| 010 | @a7-5611-2732-4@dCNY18.00 | |
| 100 | @a20070717d2006 em y0chiy0121 ea | |
| 101 | @achi | |
| 105 | @ay z 000yy | |
| 200 | 10 | @a标准日本语复习指导一册通@9biao zhun ri ben yu fu xi zhi dao yi ce ting@f南海编著@Fnan hai bian zhu |
| 210 | @a大连@c大连理工大学出版社@d2006.03 | |
| 215 | @a312页@d21cm | |
| 606 | @a日语 | |
| 690 | @aH36@v4 | |
| 701 | 0 | @a南海@9na hai@4编著 |
| 801 | @aCN@c20070901 | |
| 901 | @a000002 | |
| 905 | @dH36@eN0831 | |
| 标准日本语复习指导一册通/南海编著.-大连:大连理工大学出版社,2006.03 |
| 312页;21cm |
| ISBN 7-5611-2732-4:CNY18.00 |
| ● |
| 相关链接 |
|
|
|
正题名:标准日本语复习指导一册通
索取号:H36/N0831
 
预约/预借
| 序号 | 登录号 | 条形码 | 馆藏地/架位号 | 状态 | 备注 |
| 1 | 643047 | 206430478 | 语言库209/209语言库 124排1列5层/ [索取号:H36/N0831] | 在馆 | |
| 2 | 643048 | 206430487 | 语言库209/209语言库 124排1列5层/ [索取号:H36/N0831] | 在馆 | |
| 3 | 643049 | 206430496 | 语言库209/209语言库 124排1列5层/ [索取号:H36/N0831] | 在馆 |